| 000 | 00000nas 2200000za 4500 |
| 001 | 9.503368 |
| 003 | CaOODSP |
| 005 | 20240501092930 |
| 007 | cr ||||||||||| |
| 008 | 150406d20012001oncar p o||||f| |0fre|d |
| 022 | |a1702-5222 |
| 040 | |aCaOODSP|bfre |
| 043 | |an-cn--- |
| 086 | 1 |aJS82-17F-PDF |
| 110 | 2 |aService correctionnel Canada. |
| 245 | 10|aFaits et chiffres sur le service correctionnel fédéral |h[ressource électronique] / |cService correctionnel Canada. |
| 260 | |aOttawa : |bSolliciteur général Canada |
| 310 | |aAnnuel |
| 362 | 0 |aÉdition 2001. |
| 691 | 07|aÉtablissement pénitentiaire|2gcpds |
| 691 | 07|aInstitution fédérale|2gcpds |
| 691 | 07|aStatistiques|2gcpds |
| 775 | 08|tBasic facts about federal corrections |w(CaOODSP)9.506973 |
| 785 | 00|tFaits et chiffres sur le Service correctionnel du Canada |w(CaOODSP)9.503369 |